<?xml version="1.0" encoding="UTF-8"?>
<record
    xmlns:xsi="http://www.w3.org/2001/XMLSchema-instance"
    xsi:schemaLocation="http://www.loc.gov/MARC21/slim http://www.loc.gov/standards/marcxml/schema/MARC21slim.xsd"
    xmlns="http://www.loc.gov/MARC21/slim">

  <leader>01207nam a2200253 a 4500</leader>
  <controlfield tag="001">BRCA_8212</controlfield>
  <controlfield tag="005">20190320210159.0</controlfield>
  <controlfield tag="008">160514d19101914mx-####f##---#001-0#spa-#</controlfield>
  <datafield tag="041" ind1=" " ind2=" ">
    <subfield code="a">spa</subfield>
  </datafield>
  <datafield tag="044" ind1=" " ind2=" ">
    <subfield code="a">mx</subfield>
  </datafield>
  <datafield tag="050" ind1=" " ind2="4">
    <subfield code="a">KGF7500</subfield>
    <subfield code="b">.L4</subfield>
    <subfield code="c">1914</subfield>
  </datafield>
  <datafield tag="245" ind1="1" ind2="0">
    <subfield code="a">Ley de Ingresos y Presupuesto de Egresos del Erario Federal.</subfield>
  </datafield>
  <datafield tag="260" ind1=" " ind2=" ">
    <subfield code="a">M&#xE9;xico</subfield>
    <subfield code="b">Palacio Nacional</subfield>
    <subfield code="c">1910-1914</subfield>
  </datafield>
  <datafield tag="300" ind1=" " ind2=" ">
    <subfield code="a">4 v.</subfield>
    <subfield code="b">Tablas</subfield>
    <subfield code="c">30 cm.</subfield>
  </datafield>
  <datafield tag="500" ind1=" " ind2=" ">
    <subfield code="a">Cuatro vol&#xFA;menes inventariados como un s&#xF3;lo libro por el Banco de M&#xE9;xico</subfield>
  </datafield>
  <datafield tag="500" ind1=" " ind2=" ">
    <subfield code="a">U119</subfield>
  </datafield>
  <datafield tag="505" ind1="0" ind2=" ">
    <subfield code="a">V.1 para el a&#xF1;o fiscal que comienza el 1&#xBA; de julio de 1910 y termina el 30 de junio de 1911.-- V.2 para el a&#xF1;o fiscal que comienza el 1&#xBA; de julio de 1911 y termina el 30 de junio de 1912.-- V.3 para el a&#xF1;o fiscal que comienza el 1&#xBA; de julio de 1912 y termina el 30 de junio de 1913.-- V.4 para el a&#xF1;o fiscal que comienza el 1&#xBA; de julio de 1913 y termina el 30 de junio de 1914.</subfield>
  </datafield>
  <datafield tag="650" ind1="1" ind2="4">
    <subfield code="a">Ley de presupuestos</subfield>
    <subfield code="z">M&#xE9;xico</subfield>
    <subfield code="9">20470</subfield>
  </datafield>
  <datafield tag="650" ind1="1" ind2="4">
    <subfield code="a">Ley financiera</subfield>
    <subfield code="z">M&#xE9;xico</subfield>
    <subfield code="9">20471</subfield>
  </datafield>
  <datafield tag="650" ind1="1" ind2="4">
    <subfield code="a">Finanzas y econom&#xED;a</subfield>
    <subfield code="y">1910-1914</subfield>
    <subfield code="z">M&#xE9;xico</subfield>
    <subfield code="9">20472</subfield>
  </datafield>
  <datafield tag="710" ind1="2" ind2=" ">
    <subfield code="a">Palacio Nacional de Gobierno (Ciudad de M&#xE9;xico)</subfield>
    <subfield code="f">1910-1914</subfield>
    <subfield code="e">ed.</subfield>
    <subfield code="9">20473</subfield>
  </datafield>
  <datafield tag="902" ind1=" " ind2=" ">
    <subfield code="a">GFM</subfield>
  </datafield>
  <datafield tag="942" ind1=" " ind2=" ">
    <subfield code="2">lcc</subfield>
    <subfield code="c">B</subfield>
  </datafield>
  <datafield tag="999" ind1=" " ind2=" ">
    <subfield code="c">7880</subfield>
    <subfield code="d">7880</subfield>
  </datafield>
  <datafield tag="952" ind1=" " ind2=" ">
    <subfield code="0">0</subfield>
    <subfield code="1">0</subfield>
    <subfield code="4">0</subfield>
    <subfield code="7">0</subfield>
    <subfield code="a">BRCA</subfield>
    <subfield code="b">BRCA</subfield>
    <subfield code="d">2014-05-16</subfield>
    <subfield code="i">U119</subfield>
    <subfield code="l">0</subfield>
    <subfield code="o">KGF7500 .L4 1914 (U119)</subfield>
    <subfield code="p">8836</subfield>
    <subfield code="r">2019-03-22 00:00:00</subfield>
    <subfield code="w">2019-03-22</subfield>
    <subfield code="y">B</subfield>
  </datafield>
</record>
